| 000 | 00366nam a2200157Ia 4500 | ||
|---|---|---|---|
| 008 | 220216s9999 xx 000 0 und d | ||
| 100 | _aYoung H C | ||
| 245 | 0 | _aRubber and the chemical engineer | |
| 260 |
_bRubber Developments _c1948 |
||
| 300 | _a10-Aug | ||
| 650 | _aBonding | ||
| 650 | _aLatex | ||
| 650 | _aRubber | ||
| 650 | _aVulcanisation | ||
| 942 | _cJS | ||
| 999 |
_c67448 _d67448 |
||